| 000 | 00558nam a2200217Ia 4500 | ||
|---|---|---|---|
| 005 | 20250425161606.0 | ||
| 008 | 250425s9999 xx 000 0 und d | ||
| 041 | _aspa | ||
| 082 | _a629.83 | ||
| 100 | _aDORF, RICHARD C. | ||
| 245 | 0 | _aSISTEMAS AUTOMATICOS DE CONTROL: TEORIA Y PRACTICA | |
| 250 | _a1A ED. | ||
| 260 | _aMEXICO | ||
| 260 |
_aMéxico _bFONDO EDUCATIVO INTERAMERICANO _c1977 |
||
| 300 | _a404 | ||
| 650 | _aCONTROL AUTOMATICO | ||
| 650 | _aMODELOS MATEMATICOS | ||
| 650 | _aSISTEMAS DE CONTROL | ||
| 942 | _c01 | ||
| 010 | _a23810 | ||
| 999 |
_c212186 _d212186 |
||